000 00321nam a2200133Ia 4500
008 210312s9999||||xx |||||||||||||| ||und||
041 _aosm
050 _aPL243
050 _bG86.M39
100 _aGünaltay, Mehmed Şemseddin
245 0 _aMaziden aliye
260 _c1339
650 _aEdebiyat--Türk edebiyatı--Makale
999 _c22177
_d22177